Manipulados. La batalla de Facebook por la dominación mundial

Guardat en:
Dades bibliogràfiques
Autor principal: Frenkel, Sheera (autora)
Altres autors: Kang, Cecilia (autora), Rabasseda Gascón, Juan (traducción), Lozoya, Teófilo de (traducción), Valle Peñamil, Efrén del (traducción)
Format: Llibre
Idioma:anglès
Publicat: Santiago, Chile: Debate; Penguin Random House, 2021
Edició:Primera edición
Matèries:
Etiquetes: Afegir etiqueta
Sense etiquetes, Sigues el primer a etiquetar aquest registre!

MARC

LEADER 00000nam a22000007a 4500
003 CL-VaPUC
005 20230810101351.0
008 220603b2021 ||||| |||| 00| 0 eng d
020 |a 978-956-6042-42-6 
040 |c Pontificia Universidad Católica de Valparaíso 
082 7 |a 302.30285 FRE 2021  |2 22 
100 1 |a Frenkel, Sheera   |e autora  |9 870178 
245 |a Manipulados.  |b La batalla de Facebook por la dominación mundial 
250 |a Primera edición 
260 |a Santiago, Chile:  |b Debate;  |b Penguin Random House,  |c 2021 
300 |a 365 páginas 
500 |a c.1 Donación Escuela Periodismo. 02/06/2022 
583 |c 20220603  |k Catalogador Asistente 
600 |a Zuckerberg, Mark,  |d 1984  |9 870325 
650 |a Redes sociales en línea  |x Aspectos sociales  |9 870326 
650 |a Redes sociales en línea   |x Aspectos políticos   |9 870327 
700 |a Kang, Cecilia  |e autora  |9 870179 
700 |a Rabasseda Gascón, Juan   |e traducción  |9 870180 
700 |a Lozoya, Teófilo de  |e traducción  |9 870181 
700 |a Valle Peñamil, Efrén del  |e traducción  |9 870182 
942 |2 ddc  |c BK 
999 |c 435792  |d 435790 
952 |0 0  |1 0  |2 ddc  |4 0  |6 302_302850000000000_FRE_2021  |7 0  |8 A  |9 583400  |a BIBCUR  |b BIBCUR  |c GEN  |d 2022-06-03  |e Donación  |i 5651532  |l 3  |m 2  |o 302.30285 FRE 2021  |p 5651532  |r 2025-04-22  |s 2024-09-05  |t 1  |w 2022-06-03  |y BK  |k PER 
952 |0 0  |1 0  |2 ddc  |4 0  |6 302_302850000000000_FRE_2021  |7 0  |8 A  |9 591483  |a BIBCUR  |b BIBCUR  |c GEN  |d 2023-09-11  |e 13  |g 13601.00  |i 5658616  |l 1  |o 302.30285 FRE 2021  |p 5658616  |r 2025-04-22  |s 2023-10-02  |t 3  |v 13601.00  |w 2023-09-11  |y BK  |k PER 
952 |0 0  |1 0  |2 ddc  |4 0  |6 302_302850000000000_FRE_2021  |7 0  |8 A  |9 591484  |a BIBCUR  |b BIBCUR  |c GEN  |d 2023-09-11  |e 13  |g 13601.00  |i 5658615  |l 2  |m 2  |o 302.30285 FRE 2021  |p 5658615  |r 2025-04-22  |s 2024-09-03  |t 2  |v 13601.00  |w 2023-09-11  |y BK  |k PER